[Event "FRA-chT2 South 0607"]
[Site "France"]
[Date "2007.03.31"]
[Round "10.3"]
[White "Dussol, Pierre"]
[Black "Colovic, Aleksandar"]
[Result "0-1"]
[WhiteElo "2265"]
[BlackElo "2463"]
[PlyCount "74"]
[EventDate "2006.10.15"]
[EventType "team"]
[EventRounds "11"]
[EventCountry "FRA"]
[SourceTitle "EXT 2008"]
[Source "ChessBase"]
[SourceDate "2007.11.25"]
[SourceVersion "1"]
[SourceVersionDate "2007.11.25"]
[SourceQuality "1"]
[WhiteTeam "Palavas les Flots"]
[BlackTeam "Grasse"]
[WhiteTeamCountry "FRA"]
[BlackTeamCountry "FRA"]

1. e4 c5 2. Nf3 d6 3. Nc3 a6 4. d4 cxd4 5. Nxd4 Nf6 6. f4 Qc7 7. Bd3 Nbd7 8. 0-0 b5 9. a3 Bb7 10. Kh1 g6 11. Qe1 Bg7 12. Nf3 e5 13. fxe5 dxe5 14. Bd2 Nc5 15. Rd1 h6 16. b4 Nxd3 17. cxd3 Rd8 18. Bc1 0-0 19. Ne2 Nh5 20. Qh4 f5 21. Be3 fxe4 22. dxe4 Rxd1 23. Rxd1 Qc2 24. Qe1 Qxe4 25. Nc3 Qc4 26. Ng1 Nf4 27. Bxf4 exf4 28. Nb1 Qe4 29. Qxe4 Bxe4 30. Nf3 g5 31. h3 Bb2 32. Nfd2 Bf5 33. Re1 Kf7 34. Kh2 Re8 35. Rd1 Rd8 36. Rf1 Bxa3 37. Nxa3 Rxd2 0-1

[Event "Villeneuve Tolosane op"]
[Site "Villeneuve Tolosane"]
[Date "2007.02.21"]
[Round "4"]
[White "Dussol, Pierre"]
[Black "Lamy, Loic"]
[Result "0-1"]
[WhiteElo "2265"]
[BlackElo "2062"]
[PlyCount "38"]
[EventDate "2007.02.19"]
[EventType "swiss"]
[EventRounds "9"]
[EventCountry "FRA"]
[SourceTitle "CBM 117 Extra"]
[Source "ChessBase"]
[SourceDate "2007.05.09"]
[SourceVersion "1"]
[SourceVersionDate "2007.05.09"]
[SourceQuality "1"]

1. e4 e6 2. d3 d5 3. Nd2 Nf6 4. g3 Bc5 5. e5 Nfd7 6. Ngf3 0-0 7. d4 Be7 8. Bh3 c5 9. c3 cxd4 10. cxd4 Qb6 11. 0-0 Nc6 12. Nb1 f6 13. Bxe6+ Kh8 14. Bxd7 Bxd7 15. Nc3 fxe5 16. Nxd5 Qd8 17. Nxe5 Bh3 18. Nxe7 Nxe5 19. Bg5 Nf3+ 0-1